| 000 | 00578nam a2200193 a 4500 | ||
|---|---|---|---|
| 001 | 13623 | ||
| 003 | CO-ViMGA | ||
| 008 | 141112s2004 ck r 000 u spa d | ||
| 040 |
_aCO-ViMGA _bspa _cCO-ViMGA |
||
| 082 | 0 | 4 | _aCo861 A521p |
| 110 |
_aAlcaldia de Bucaramanga. Instituto Municipal de Cultura _919861 |
||
| 245 | 1 | 0 | _aPrimer concurso metropolitano de poesia "Gustavo Cote Uribe" |
| 260 |
_aBucaramanga : _bAlcaldia, _c2000 |
||
| 300 | _a63 | ||
| 590 | _aEjemplares : 2 | ||
| 650 | 1 | 4 |
_aPOESIA - CONCURSOS _919862 |
| 650 | 1 | 4 |
_aPREMIOS LITERARIOS _919863 |
| 942 |
_2ddc _cBK |
||
| 999 |
_c24347 _d24347 |
||